Epistemología y metodología : (Registro nro. 5153)

Detalles MARC
000 -CABECERA
campo de control de longitud fija 00795cam a2200277 i 4500
001 - NÚMERO DE CONTROL
campo de control Rebiun07616009
003 - IDENTIFICADOR DEL NÚMERO DE CONTROL
campo de control AR-RoIUNI
005 - FECHA Y HORA DE LA ÚLTIMA TRANSACCIÓN
campo de control 20200205161649.0
008 - DATOS DE LONGITUD FIJA--INFORMACIÓN GENERAL
campo de control de longitud fija 030529s2007 ag a 001 0 spa d
020 ## - NÚMERO INTERNACIONAL ESTÁNDAR DEL LIBRO
Número Internacional Estándar del Libro 9789502309316
040 ## - FUENTE DE LA CATALOGACIÓN
Centro catalogador/agencia de origen UAL.
Centro/agencia transcriptor AR-RoIUNI
080 ## - NÚMERO DE LA CLASIFICACIÓN DECIMAL UNIVERSAL
Número de la Clasificación Decimal Universal 165
080 ## - NÚMERO DE LA CLASIFICACIÓN DECIMAL UNIVERSAL
Número de la Clasificación Decimal Universal 165
100 1# - ENTRADA PRINCIPAL--NOMBRE DE PERSONA
Nombre de persona Samaja, Juan
9 (RLIN) 505
245 10 - MENCIÓN DE TÍTULO
Título Epistemología y metodología :
Resto del título elementos para una teoría de la investigación científica /
Mención de responsabilidad, etc. Juan Samaja
250 ## - MENCIÓN DE EDICIÓN
Mención de edición 3 ed., 11 reimp
260 ## - PUBLICACIÓN, DISTRIBUCIÓN, ETC. (PIE DE IMPRENTA)
Lugar de publicación, distribución, etc. Buenos Aires :
Nombre del editor, distribuidor, etc. Eudeba,
Fecha de publicación, distribución, etc. 2016
300 ## - DESCRIPCIÓN FÍSICA
Extensión 414 p. :
Otras características físicas il
490 1# - MENCIÓN DE SERIE
Mención de serie Temas. Epistemolog�ia
500 ## - NOTA GENERAL
Nota general índices
650 #4 - PUNTO DE ACCESO ADICIONAL DE MATERIA--TÉRMINO DE MATERIA
Término de materia o nombre geográfico como elemento inicial Investigación-
Subdivisión general Metodología
650 #4 - PUNTO DE ACCESO ADICIONAL DE MATERIA--TÉRMINO DE MATERIA
Término de materia o nombre geográfico como elemento inicial Ciencia-
Subdivisión general Metodología
650 #4 - PUNTO DE ACCESO ADICIONAL DE MATERIA--TÉRMINO DE MATERIA
Término de materia o nombre geográfico como elemento inicial Epistemología
9 (RLIN) 506
650 #4 - PUNTO DE ACCESO ADICIONAL DE MATERIA--TÉRMINO DE MATERIA
Término de materia o nombre geográfico como elemento inicial Enfermería
9 (RLIN) 86
942 ## - ELEMENTOS DE PUNTO DE ACCESO ADICIONAL (KOHA)
Fuente del sistema de clasificación o colocación Clasificación Decimal Universal
Tipo de ítem Koha Libros
Existencias
Estado de retiro Estado de pérdida Fuente del sistema de clasificación o colocación Estado dañado Excepción de préstamo Localización permanente Ubicación/localización actual Ubicación en estantería Fecha de adquisición Coste, precio normal de compra Número de inventario Total de préstamos Signatura topográfica completa Código de barras Fecha visto por última vez Coste, precio de reemplazo Precio válido a partir de Tipo de ítem Koha Nota pública
    Clasificación Decimal Universal     BIBLIOTECA VENADO TUERTO BIBLIOTECA VENADO TUERTO BIBLIOTECA VENADO TUERTO 29/01/2020 772.00 6722   165 SAM 6722 31/01/2020 772.00 29/01/2020 Libros VENADO TUERTO